000 00495cam a2200193 4500
001 D14370
008 090401t1943 xxu||||| |||| 00| 0 eng d
035 _a(Sirsi) u15168
041 _aeng
110 _aWar Office. Survey Directorate. GHQ Middle East
_93249
245 _aAir survey: the adjustment of minor control plots
260 _aCairo
_c1943
300 _a11p. 27cm
350 _a0
490 _aTechnical Pamphlet
_v6
520 _aShelf 183
942 _n0
948 _c04/03/1997
999 _c87259
_d87259